An evaluation of the terms of accession to the world trade organization: a comparative assessment of services and goods sector commitments by WTO members and acceding countries (Record no. 42740)

MARC details
000 -LEADER
fixed length control field 00980nam a2200229 a 4500
008 - FIXED-LENGTH DATA ELEMENTS--GENERAL INFORMATION
fixed length control field 130418s2006 ||||||||||||||||| || u
020 ## - INTERNATIONAL STANDARD BOOK NUMBER
International Standard Book Number 9780850928327
050 ## - LIBRARY OF CONGRESS CALL NUMBER
Classification number COMM(08)
100 ## - MAIN ENTRY--PERSONAL NAME
Personal name Dugal, Manleen
245 13 - TITLE STATEMENT
Title An evaluation of the terms of accession to the world trade organization: a comparative assessment of services and goods sector commitments by WTO members and acceding countries
Statement of responsibility, etc. by Roman Grynberg, Manleen Dugal and Mohammad A. Razzaque
260 ## - PUBLICATION, DISTRIBUTION, ETC.
Place of publication, distribution, etc. London:
Name of publisher, distributor, etc. Commonwealth Secretariat
Date of publication, distribution, etc. 2006
300 ## - PHYSICAL DESCRIPTION
Extent x, 77p.: ill.
362 1# - DATES OF PUBLICATION AND/OR SEQUENTIAL DESIGNATION
Dates of publication and/or sequential designation <p>No. 73, 2006</p>
490 ## - SERIES STATEMENT
Series statement Economic paper
490 ## - SERIES STATEMENT
Volume/sequential designation No. 73
500 ## - GENERAL NOTE
General note Bibliography
650 ## - SUBJECT ADDED ENTRY--TOPICAL TERM
Topical term or geographic name entry element WORLD TRADE ORGANIZATION--HIGHER EDUCATION
700 ## - ADDED ENTRY--PERSONAL NAME
Personal name Razzaque, Mohammad A.
700 ## - ADDED ENTRY--PERSONAL NAME
Personal name Grynberg, Roman
710 ## - ADDED ENTRY--CORPORATE NAME
Corporate name or jurisdiction name as entry element The Commonwealth Organization
995 ## - RECOMMENDATION 995 [LOCAL, UNIMARC FRANCE]
-- CBU-MAIN LIBRARY (Kitwe)
-- 1
-- AVAILABLE
-- Nov 6, 2013
-- International Publications
Holdings
Withdrawn status Lost status Source of classification or shelving scheme Damaged status Not for loan Home library Current library Shelving location Date acquired Total Checkouts Full call number Barcode Date last seen Price effective from Koha item type
          CBU-MAIN LIBRARY, KITWE. CBU-MAIN LIBRARY, KITWE.   11/30/2022   COMM(08) 743894 11/30/2022 11/30/2022 MONOGRAPH